Statystyki dla Imigracja do USA - państwa w czołówce

Kliknij tutaj aby rozwiązać quiz!

Ogólne statystyki

  • Ten quiz został rozwiązany 17 871 razy
    (6 142 od ostatniego zresetowania)
  • Średni wynik to 11 z 21

Statystyki odpowiedzi

#Kraj% Poprawnych
1 480 901Meksyk
95%
118 261Kanada
90%
713 527Chiny
87%
136 856Brazylia
84%
631 689Indie
76%
186 129Kolumbia
64%
468 604Kuba
63%
197 791Korea Południowa
51%
157 124Pakistan
47%
117 980Iran
46%
481 183Dominikana
44%
147 552Irak
44%
190 880Haiti
43%
333 900Wietnam
43%
196 552Jamajka
42%
133 766Nigeria
42%
496 361Filipiny
39%
116 774Gwatemala
36%
145 307Bangladesz
34%
214 390Salwador
30%
120 740Etiopia
20%

Rozkład punktacji

Percentyl według liczby udzielonych odpowiedzi

Procent ludzi z każdym wynikiem

Twoja historia wyników

Nie rozwiązałeś tego quizu od ostatniego zresetowania